Goodword arabic english dictionary (Record no. 194162)

000 -LEADER
fixed length control field 00427nam a22001577a 4500
005 - DATE AND TIME OF LATEST TRANSACTION
control field 20221117095226.0
008 - FIXED-LENGTH DATA ELEMENTS--GENERAL INFORMATION
fixed length control field 221117b ||||| |||| 00| 0 eng d
040 ## - CATALOGING SOURCE
Transcribing agency AACR2
082 ## - DEWEY DECIMAL CLASSIFICATION NUMBER
Classification number 492.43221 RAS
100 ## - MAIN ENTRY--PERSONAL NAME
Personal name Rashid, Mohd Harun
9 (RLIN) 14250
245 ## - TITLE STATEMENT
Title Goodword arabic english dictionary
260 ## - PUBLICATION, DISTRIBUTION, ETC.
Place of publication, distribution, etc. New Delhi
Name of publisher, distributor, etc. Goodword
Date of publication, distribution, etc. 2014
300 ## - PHYSICAL DESCRIPTION
Extent 503p.
650 ## - SUBJECT ADDED ENTRY--TOPICAL TERM
Topical term or geographic name entry element Multidisciplinary dictionaries
9 (RLIN) 14251
942 ## - ADDED ENTRY ELEMENTS (KOHA)
Source of classification or shelving scheme
Koha item type Gift Books
Holdings
Withdrawn status Lost status Source of classification or shelving scheme Damaged status Not for loan Collection code Home library Current library Shelving location Date acquired Total Checkouts Full call number Barcode Date last seen Price effective from Koha item type
          Humanity Science Central Library Central Library Book Cart 11/17/2022   492.7321 RAS GF1486 11/17/2022 11/17/2022 Gift Books

Powered by Koha